Burung gagak dengan burung murai

Bibliographic Details
Format: Book
Published: Petaling Jaya : RDCS sdn.bhd , 2000
Series:series tomato
Subjects:

MARC

LEADER 00000cam a2200000 7i4500
001 0000077897
005 20180120.0
008 180110
020 |a 9830634000 
090 0 0 |a JF   |b MAL 
245 0 0 |a Burung gagak dengan burung murai 
260 |a Petaling Jaya :   |b RDCS sdn.bhd ,   |c 2000 
440 |a series tomato 
500 |a Children ages 7-9 years old (orange) 
650 0 |a Junior fiction   |x Malay   |x Languages 
999 |a 0000001822   |b Book   |c Children Collection   |e Cawangan Taman Universiti